| 000 | 02016pam a2200385 a 4500 | ||
|---|---|---|---|
| 001 | 13716901 | ||
| 005 | 20100525111531.0 | ||
| 008 | 040913s2005 nyu 000 0aeng | ||
| 010 | _a2004058907 | ||
| 020 | _a0743247531 | ||
| 035 | _a(OCoLC)ocm56590629 | ||
| 040 |
_aDLC _cDLC _dYDX _dDLC |
||
| 043 |
_an-us--- _an-us-wv _an-us-ny |
||
| 050 | 0 | 0 |
_aHV5132 _b.W35 2005 |
| 082 | 0 | 0 |
_a362.82092 _222 _bWAL |
| 100 | 1 |
_aWalls, Jeannette. _926907 |
|
| 245 | 1 | 4 |
_aThe Glass Castle : _bA Memoir / _cJeannette Walls. |
| 260 |
_aNew York : _bScribner, _cc2005. |
||
| 300 |
_a288 p. ; _c24 cm. |
||
| 600 | 1 | 0 |
_aWalls, Jeannette. _926908 |
| 650 | 0 |
_aChildren of alcoholics _zUnited States _vBiography. _926909 |
|
| 650 | 0 |
_aChildren of alcoholics _zWest Virginia _zWelch _vBiography. _926910 |
|
| 650 | 0 |
_aDysfunctional families _zUnited States _vCase studies. _926911 |
|
| 650 | 0 |
_aDysfunctional families _zWest Virginia _zWelch _vCase studies. _926912 |
|
| 650 | 0 |
_aPoor _zWest Virginia _zWelch _vBiography. _926913 |
|
| 650 | 0 |
_aHomeless persons _xFamily relationships _zNew York (State) _zNew York. _926914 |
|
| 653 |
_bENG _cAugust2011 |
||
| 856 | 4 | 2 |
_3Publisher description _uhttp://www.loc.gov/catdir/enhancements/fy0631/2004058907-d.html |
| 856 | 4 | 1 |
_3Sample text _uhttp://www.loc.gov/catdir/enhancements/fy0641/2004058907-s.html |
| 856 | 4 | 2 |
_3Contributor biographical information _uhttp://www.loc.gov/catdir/enhancements/fy0902/2004058907-b.html |
| 942 |
_2ddc _cBB |
||
| 999 |
_c15920 _d15920 |
||